Cities that Beat Shanghai - Statistics

General Stats
  • This quiz has been taken 26 times
  • The average score is 9 of 15
Answer Stats
Rank Category Cities % Correct
10 Busiest airport (2024) Atlanta | Dubai | Dallas | Tokyo | London | Denver | Istanbul | Chicago | Delhi
100%
6 Most skyscrapers Hong Kong | Shenzhen | New York City | Dubai | Guangzhou
93%
7 Most billionaires New York City | Hong Kong | Moscow | Mumbai | Beijing | London
93%
5 Easternmost megacity (urban population > 10 million) Tokyo | Osaka | Seoul | Manila
93%
4 Mainland Chinese city with the highest GDP per capita Ordos | Karamay | Beijing
87%
4 Most Fortune Global 500 companies Beijing | Tokyo | New York City
80%
4 First Disney theme park outside the U.S. Tokyo | Paris | Hong Kong
80%
2 Home to the largest stock exchange New York City
73%
3 Most scientific output (Nature Index) Beijing | New York City
53%
4 Most Japanese nationals (excluding Japan) Los Angeles | Bangkok | New York City
53%
2 Longest metro system Beijing
40%
2 Most populous by urban area Guangzhou
40%
5 Smallest provincial-level capital in China by area Macau | Hong Kong | Haikou | Yinchuan
27%
3 Most surveilled city
hint: #1 and #2 are also in China
Chongqing | Shenzhen
20%
2 Most populous by city proper Chongqing
13%
No matching quizzes found
Score Distribution
Percent of People with Each Score
Percentile by Number Answered
Your Score History
You have not taken this quiz